000 00623nam a2200229Ia 4500
003 0100
008 130307s9999 xx 000 0 und d
020 _a184014100X
040 _cARRUPELIB
050 _aHQ1075.5.T34G46 2000
245 _aGender, family and work in Tanzania
260 _aAldershot
260 _bAshgate
260 _cc2000.
300 _aix
300 _b379 p. : ill. map ports. 23 cm.
440 _aThe making of modern Africa
650 _bCatholic church--Apologetic works
650 _cApolegetics--20th century
700 _aOmari, Cuthbert K; Creighton, Colin (ed.)
942 0 0 _01
999 _c99578
_d99578